Języki Ugrofińskie - Statystyki

Ogólne statystyki
  • Ten quiz został rozwiązany 124 razy
    94 od ostatniego zresetowania
  • Średni wynik to 5 z 26
Statystyki odpowiedzi
Liczba mówiących Język % Poprawnych
6 mln fiński
99%
14 mln węgierski
94%
1,1 mln estoński
87%
200 tys. karelski
35%
345 tys. komi
24%
550 tys. maryjski
16%
70 tys. võro
15%
100 liwski
13%
8 tys. mansyjski
13%
700 tys. udmurcki
13%
20 tys. chantyjski
12%
5 tys. wepski
10%
500 tys. erzja
9%
400 tys. moksza
9%
200 iżorski
7%
20,7 tys. północnosaamski
6%
100 wotycki
6%
300 południowosaamski
5%
300 inari
3%
10 ume
3%
500 kildin
2%
150 tys. komi-permiacki
2%
2 tys. lule
2%
20 pite
2%
2 ter
2%
420 skolt
1%
Nie znaleziono quizów pasujących do podanych kryteriów
Rozkład punktacji
Procent ludzi z każdym wynikiem
Percentyl według liczby udzielonych odpowiedzi
Twoja historia wyników
Nie rozwiązałeś tego quizu od ostatniego zresetowania